[Event "Prebor mesta Vsetina 2018"]
[Site "?"]
[Date "2018.07.11"]
[Round "9.19"]
[White "Hrabovsky, Vladimir"]
[Black "Matus, Filip"]
[Result "0-1"]
[WhiteElo "1984"]
[BlackElo "1766"]
[PlyCount "66"]
[EventDate "2018.??.??"]

1.Nf3 d5 2.g3 Nf6 3.Bg2 c5 4.O-O Nc6 5.d3 Bf5 6.Nbd2 e6 7.Qe1 Be7 8.e4 Bg6 9.
b3 Nb4 10.Qe2 Nxc2 11.Rb1 Nb4 12.a3 Nc6 13.Bb2 O-O 14.Ne5 Nxe5 15.Bxe5 Qd7 16.
h3 Rfd8 17.Rbd1 Qb5 18.Rfe1 dxe4 19.dxe4 Qxe2 20.Rxe2 Rd7 21.Rc1 Rad8 22.Bf4
e5 23.Bg5 h6 24.Bxf6 Bxf6 25.Nc4 b6 26.Kh2 Rd3 27.Rb1 b5 28.Ne3 Bg5 29.Nf5 Rc3
30.h4 Bf6 31.Re3 Rxe3 32.Nxe3 Be7 33.Nd5 Rxd5 0-1